000 00494nam a2200205Ia 4500
003 GCL
008 140319s9999 xx 000 0 eng d
040 _aGCL /
_cGCL
082 0 4 _a746.22
_bK L
100 1 _aKRAATZ, AMME
245 1 0 _aLOCE: HISTORY AND FASHION /
_cKRAATZ, AMME
260 _a[S.N] :
_bTHAMES AND HUDSON ،
_c1989
300 _a192 P
650 0 4 _aCOSTUMES
650 0 4 _aHANDCRAFT
650 0 4 _aARTS
650 0 4 _aART, RENAISSANCE
650 0 4 _aLACE
942 _2ddc
_cBK
999 _c21024
_d21024